Sols RNG - All Biomes - Statistics

General Stats
  • This quiz has been taken 20 times
  • The average score is 15 of 24
Answer Stats
Biome % Correct
Corruption
93%
Rainy
93%
Sandstorm
93%
Windy
93%
Glitched
86%
Heaven
86%
Hell
86%
Null
86%
Snowy
86%
Starfall
86%
Cyberspace
79%
Dreamspace
79%
Eggland
71%
Normal
71%
Singularity
71%
Graveyard
57%
Aurora
36%
Blood Rain
36%
Pumpkin Moon
36%
Blazing Sun
29%
The Citadel of Orders
14%
The Nulls Existence
14%
The Hyperspace Realm
7%
The Red Full Moon
7%
No matching quizzes found
Score Distribution
Percent of People with Each Score
Percentile by Number Answered
Your Score History
You have not taken this quiz